Les Aventures de Tintin - Coke en stock - Statistiques

Statistiques générales
  • Ce quiz a été pris 667 fois
  • Le résultat moyen est 16 sur 20
Statistiques - réponses
Question Réponse % Correct
Quel personnage, visiblement pressé, Tintin rencontre-t-il en sortant du cinéma ? Le Général Alcazar
97%
Et pour finir, quelle invention le professeur Tournesol tente-t-il de mettre au point tout au long de cet album ? Des patins à roulettes motorisés
91%
En quoi nos héros se déguisent-ils pour quitter la ville sans être vus ? En femmes voilées
91%
Comment finit Rastapopoulos à l'issue de cette histoire ? Il parvient à s'échapper
90%
Sous quelle identité Rastapopoulos se présente-t-il à ses hôtes ? Marquis di Gorgonzola
90%
Comment s'appelle le pilote mercenaire qui tente de couler Tintin et le capitaine ? Piotr Szut
89%
Comment se nomme la guépard de l'émir ? Aïcha
88%
Quel nom porte le bateau commandé par Allan, sur lequel nos héros découvrent des esclaves ? Le Ramona
86%
Qui héberge nos héros et les aide à quitter la ville ? Oliveira de Figueira
86%
Qui reconnait Tintin et le capitaine lorsqu'ils montent à bord du yacht ? La Castafiore
85%
Qui va habiter à Moulinsart, le temps de cette aventure ? Abdallah
84%
Quelle est la destination promise aux esclaves ? La Mecque
83%
Quel est le nom de son yacht ? Le Schéhérazade
81%
Quels noms portent les avions vendus par cet homme ? Mosquitos
78%
Sous quel nom se présente le docteur Müller, désormais officier de l'armée khémédite ? Mull Pacha
76%
De quelle nationalité est-il ? Estonienne
71%
Quelle est la capitale du Khemed, où se rendent Tintin et le capitaine ? Wadesdah
68%
Quel nom porte le croiseur qui vient à la rescousse de nos héros ? U.S.S. Los Angeles
66%
De quels pays viennent ces derniers ? Mali et Sénégal
44%
En suivant sa trace, Tintin reconnait Dawson qui se livre à un trafic d'avions. Dans quel album Tintin a-t-il a rencontré ce dernier ? Le Lotus Bleu
42%
Aucun quiz correspondant
Distribution des résultats
% des personnes avec chaque résultat
Percentile par nombre de réponses
Votre historique - résultats
Vous n’avez pas pris ce quiz